000 ncm a22 a 4500
999 _c349877
_d349877
003 BLK
005 20210615121103.0
008 200330b bu ||||| |||| 00| 0 bu d
040 _aBLK
041 _aBUL
_cBUL
080 _aМузика за духови инструменти
_b788
_z788
100 _aКараиванов, Стоян Иванов
_eпърви автор
_91299
139 _aКараиванов, Стоян Иванов
_bК 31
245 _aПредкласически сонати [Нотирана музика]
_bЗа валдхорна [и съпровод на пиано]
_cсъстав. и прераб. Стоян Караиванов
_nЧ. 2
260 _9209430
_aСофия
_bМузика
_c1976
300 _a1 партитура (52 с.)
_c31 см
_e1 щим (19 с.)
380 _a7
500 _aСъдържа: Соната ми бемол-мажор / Бенедето Марчело. Соната сол минор / Антонио Вивалди. Соната си бемол минор / Георг Телеман. Соната фа-мажор / Георг Фридрих Хендел. Соната ре-минор / Йохан Матезон. Соната ла-минор / Павел Йозеф Вейвановски
852 _aМ ІІ 7113
942 _cNOT
_n0
_s1
944 _aCR
_c2020-03-30
_l2020-03-30
999 _d349877